Mort subite - Personnages Grey's anatomy décédés - Statistiques

Statistiques générales
  • Ce quiz a été pris 1 870 fois
  • Le résultat moyen est 9 sur 10
Answers on the Grid
Answers color-coded by a green-red scale on the quiz's grid according to % correct below.
Meredith
Cristina
Derek
Izzie
Georges
Richard
Miranda
Mark
Alex
Jo
Lexie
Andrew
Ellis Grey
April
Adèle
Jackson
Heather
Teddy
Owen
Henry
Denny
 
Statistiques - réponses
Réponse % Correct
Derek
96%
Georges
94%
Lexie
92%
Ellis Grey
91%
Mark
91%
Denny
90%
Adèle
87%
Heather
86%
Henry
86%
Andrew
84%
Aucun quiz correspondant
Distribution des résultats
% des personnes avec chaque résultat
Percentile par nombre de réponses
Votre historique - résultats
Vous n’avez pas pris ce quiz